000 00342nam a22001457a 4500
008 240415b ||||| |||| 00| 0 eng d
020 _a9789951914604
041 _aSHQIP
080 _22023
_a159.9
082 _a159.9SHA
100 _a25
101 _aPSI
245 _aMBI MOTIVIMIN NE MESIMEDHENIE
_cDIANA SEJDIU SHALA
942 _2udc
_cBK
999 _c60625
_d60625